Finanzas corporativas: un enfoque latinoamericano

Gespeichert in:
Bibliographische Detailangaben
1. Verfasser: Dumrauf, Guillermo L (VerfasserIn)
Format: Buch
Sprache:Spanisch
Veröffentlicht: Buenos Aires Alfaomega 2010
Ausgabe:2a. ed
Schlagworte:
Tags: Tag hinzufügen
Keine Tags, Fügen Sie den ersten Tag hinzu!

MARC

LEADER 00000nam a2200000 a 4500
001 UCG3957
003 CL-VaPUC
005 20241114120711.0
008 101004e20100000AG |||||||||||||||||spa|d
999 |c 342887  |d 342885 
020 |a 9789871609086 
040 |c Pontificia Universidad Católica de Valparaíso 
082 0 4 |a 658.151  |b DUM  |2 21 
100 0 |a Dumrauf, Guillermo L  |e author  |9 553263 
245 1 0 |a Finanzas corporativas: un enfoque latinoamericano 
250 |a 2a. ed 
260 |a Buenos Aires  |b Alfaomega  |c 2010 
300 |a 737 p 
583 |a last modification  |c 20101004 00:00:00  |k Rodrigo Vera 
650 0 |a Empresas  |9 893446  |x Finanzas 
650 0 |a Planificación financiera  |2 CL-VaPUC  |9 334413 
650 0 |a Valor financiero  |9 893682 
650 0 |a Costes de capital  |9 889506 
650 0 |a Gestión de empresas  |9 892743  |x Globalización 
942 |c BK  |2 ddc 
945 |d 20101004 00:00:00  |a mfarfan 
952 |0 0  |1 0  |4 0  |6 658_151000000000000_DUM_2010  |7 0  |8 R  |9 439576  |a BIBENE  |b BIBENE  |d 2019-11-22  |i 4721918  |o 658.151 DUM 2010  |p 4721918  |r 2025-01-15  |w 2019-11-22  |y BK_R  |k ICO